| 000 | 01014nam a22002417a 4500 | ||
|---|---|---|---|
| 001 | 9165 | ||
| 003 | FISKH | ||
| 005 | 20251126123927.0 | ||
| 008 | 251126b cb ||||| |||| 00| 0 eng d | ||
| 020 | _a9780816044818 | ||
| 040 |
_aFISKH _beng _cFISKH _dFISKH |
||
| 050 | _aGT3930 .B74 | ||
| 082 | _a394.2 | ||
| 100 | _aBreuilly, Elizabeth | ||
| 245 |
_aFestivals of the world : _bThe illustrated guide to celebrations, customs , events & holidays / _cBy Elizabeth Breuilly , Jonne O'Brien , Martin Palmer : Consultant Edior Professor Martin E. Marty |
||
| 260 |
_aNew York : _bCheckmark Books , _c2002. |
||
| 300 |
_a160 pages : _bcolor illustrations ; _c28 cm . |
||
| 520 | _aLooks at the observances and celebrations of some of the world's major religions, including Judaism, Christianity, Shintoism, Rastafarianism, and others,and includes photographs, and a glosary of terms. | ||
| 650 |
_aFestivals _vNon-fiction |
||
| 650 |
_aFasts and feasts _vNon-fiction |
||
| 942 |
_2ddc _cBK _n0 |
||
| 999 |
_c9165 _d9165 |
||